Sabrina Carpenter - Chansons dans des films et séries - Statistiques

Statistiques générales
  • Ce quiz a été pris 7 fois
  • Le résultat moyen est 3 sur 8
Statistiques - réponses
Catégories Années Films/séries + chansons % Correct
Séries 2025 L'été où je suis devenue jolie
67%
Séries 2025 Please Please Please / Juno
67%
Films 2016 Wildside / We're the Babysitters / Smoke and Fire / On Purpose
33%
Films 2020 Work It
33%
Films 2020 Let Me Move You
17%
Séries 2025 Looking At Me
17%
Films 2016 Nuit de folie
17%
Séries 2025 The Buccaneers
17%
Aucun quiz correspondant
Distribution des résultats
% des personnes avec chaque résultat
Percentile par nombre de réponses
Votre historique - résultats
Vous n’avez pas pris ce quiz